00620 2200181 4500001002100000005001500021035002000036007000300056008004100059020001800100082001000118084001600128100001700144245017800161260003100339300004400370650002400414INLIS00000000000090420250225110925 a0010-0225000079ta250225 g 0 ind  a0-07-144912-4 a658.4 a658.4 JAM s0 aJames Pardoe1 aSukses Berinvestasi Ala Buffett :b24 Strategi Investasi Sederhana dari Investor Nilai Terbaik Dunia /cJames Pardoe (Penulis); Ratri Medya, Wisnu Chandra Kristiaji (Editor) aJakarta :bErlangga,c2006 a176 Halaman :bIlustrasi; teks ;c20 cm 4aManajemen Eksekutif